[Event "Cheliabinsk Variant Gp-A"]
[Site "Cheliabinsk"]
[Date "2021.03.28"]
[Round "6"]
[White "Vanishvili, Mari"]
[Black "Alekseeva, Irina Kon"]
[Result "1/2-1/2"]
[WhiteElo "1854"]
[BlackElo "2113"]
[PlyCount "97"]
[EventDate "2021.03.23"]
[EventType "swiss"]
[EventRounds "10"]
[EventCountry "RUS"]
[SourceTitle "CBM 202 Extra"]
[Source "ChessBase"]
[SourceDate "2021.07.31"]
[SourceVersion "1"]
[SourceVersionDate "2021.07.31"]
[SourceQuality "1"]

1. e4 c5 2. b4 cxb4 3. Bb2 Nc6 4. d4 d5 5. exd5 Qxd5 6. c4 Qe4+ 7. Ne2 e6 8. Nd2 Qh4 9. Nf3 Qd8 10. d5 Na5 11. Nf4 Nf6 12. Ne5 exd5 13. Qa4+ Bd7 14. Nxd7 Nxd7 15. 0-0-0 Bd6 16. Bxg7 Bxf4+ 17. Kb1 Qc7 18. Re1+ Kd8 19. Bxh8 f6 20. Rd1 Nxc4 21. Bxc4 Qxc4 22. Qa5+ Ke7 23. Rhe1+ Be5 24. Qxd5 Qxd5 25. Rxd5 Nb6 26. Bxf6+ Kxf6 27. Rdxe5 Nc4 28. Re6+ Kf5 29. Re7 b5 30. Kc2 a5 31. Rb7 Na3+ 32. Kd2 Rd8+ 33. Ke2 Rc8 34. Rd1 a4 35. f3 h5 36. Rd5+ Ke6 37. Rxh5 b3 38. axb3 axb3 39. Rb6+ Kd7 40. Rhxb5 Nxb5 41. Rxb5 Rc2+ 42. Ke3 Rxg2 43. h4 Rh2 44. h5 b2 45. Kf4 Rxh5 46. Rxb2 Rc5 47. Rb7+ Ke6 48. Rb6+ Kf7 49. Kg4 1/2-1/2

[Event "Moscow op (Women) 17th"]
[Site "Moscow"]
[Date "2021.02.23"]
[Round "4"]
[White "Kvachko, Anastasiya"]
[Black "Alekseeva, Irina Kon"]
[Result "0-1"]
[WhiteElo "1882"]
[BlackElo "2113"]
[PlyCount "110"]
[EventDate "2021.02.20"]
[EventType "swiss"]
[EventRounds "9"]
[EventCountry "RUS"]
[SourceTitle "CBM 200 Extra"]
[Source "ChessBase"]
[SourceDate "2021.03.31"]
[SourceVersion "1"]
[SourceVersionDate "2021.03.31"]
[SourceQuality "1"]

1. e4 c5 2. c3 Nf6 3. e5 Nd5 4. g3 Qc7 5. Nf3 Nc6 6. Qe2 g6 7. Bg2 e6 8. Na3 a6 9. 0-0 Bg7 10. Nc4 0-0 11. d4 cxd4 12. cxd4 f6 13. exf6 Bxf6 14. Bh6 Rf7 15. Rfd1 b5 16. Nce5 Bxe5 17. Nxe5 Nxe5 18. Bxd5 exd5 19. Qxe5 Qxe5 20. dxe5 Bb7 21. Rac1 Re7 22. Rc7 Bc6 23. f4 Kf7 24. Rc1 Ke6 25. g4 Ree8 26. Bg5 d4 27. Kf2 Kd5 28. Bf6 a5 29. h4 Re6 30. f5 gxf5 31. gxf5 Rxf6 32. exf6 Rf8 33. Kg3 Rxf6 34. Kf4 Rf8 35. Ra7 a4 36. b3 d3 37. bxa4 bxa4 38. Ra5+ Kd4 39. Re5 d2 40. Rf1 Bf3 41. Re7 d5 42. Rxh7 d1Q 43. Rxd1+ Bxd1 44. Rc7 Rh8 45. f6 Rxh4+ 46. Kg5 Rh5+ 47. Kg6 Rh2 48. Kg7 Bh5 49. Rc1 Rxa2 50. Rh1 Rg2+ 51. Kf8 Bg6 52. Ke7 a3 53. Ke6 a2 54. Rd1+ Kc3 55. Kxd5 Rd2+ 0-1

[Event "Satka Autumn op (Women)"]
[Site "Satka"]
[Date "2020.10.25"]
[Round "5"]
[White "Alekseeva, Irina Kon"]
[Black "Smirnova, Ekaterina"]
[Result "1-0"]
[WhiteElo "2110"]
[BlackElo "2282"]
[PlyCount "57"]
[EventDate "2020.10.21"]
[EventType "swiss"]
[EventRounds "9"]
[EventCountry "RUS"]
[SourceTitle "CBM 199 Extra"]
[Source "ChessBase"]
[SourceDate "2021.01.31"]
[SourceVersion "1"]
[SourceVersionDate "2021.01.31"]
[SourceQuality "1"]

1. e4 c6 2. d4 d5 3. Nc3 dxe4 4. Nxe4 Nd7 5. Nf3 Ngf6 6. Ng3 e6 7. Bd3 c5 8. 0-0 Be7 9. Qe2 0-0 10. c3 b6 11. Bg5 Bb7 12. Rad1 Qc7 13. Ne4 Rad8 14. Rfe1 Nd5 15. Bxe7 Nxe7 16. Neg5 Nf6 17. Nxh7 Nxh7 18. Bxh7+ Kxh7 19. Ng5+ Kh6 20. Qg4 Nf5 21. Rd3 g6 22. Rh3+ Kg7 23. Rh7+ Kg8 24. Qh3 Qc6 25. f3 cxd4 26. g4 dxc3 27. Ne4 f6 28. gxf5 Rd7 29. fxg6 1-0

[Event "Satka Autumn op (Women)"]
[Site "Satka"]
[Date "2020.10.23"]
[Round "3"]
[White "Schepetkova, Margarita"]
[Black "Alekseeva, Irina Kon"]
[Result "1-0"]
[WhiteElo "2257"]
[BlackElo "2110"]
[PlyCount "91"]
[EventDate "2020.10.21"]
[EventType "swiss"]
[EventRounds "9"]
[EventCountry "RUS"]
[SourceTitle "CBM 199 Extra"]
[Source "ChessBase"]
[SourceDate "2021.01.31"]
[SourceVersion "1"]
[SourceVersionDate "2021.01.31"]
[SourceQuality "1"]

1. d4 Nf6 2. c4 g6 3. g3 Bg7 4. Bg2 d6 5. Nf3 0-0 6. 0-0 Nbd7 7. Nc3 e5 8. e4 Re8 9. Re1 h6 10. h3 exd4 11. Nxd4 c6 12. Be3 Qe7 13. Qc2 Ne5 14. b3 a6 15. Rad1 c5 16. Nde2 b5 17. f4 Nc6 18. e5 Bb7 19. Rxd6 Nxe5 20. fxe5 Bxg2 21. Kxg2 Qxe5 22. Bf4 Qe7 23. Rdd1 g5 24. Bc1 b4 25. Nd5 Qe5 26. Nxf6+ Bxf6 27. Rd5 Qe7 28. Bd2 a5 29. Nd4 Bxd4 30. Rxe7 Rxe7 31. Kf3 Ra6 32. Qd3 Rf6+ 33. Rf5 Rd6 34. Kg4 Be5 35. Qe2 Rd4+ 36. Kf3 Bd6 37. Be3 Rde4 38. Qd3 Rxe3+ 39. Qxe3 Rxe3+ 40. Kxe3 Kg7 41. g4 Kg6 42. Ke4 h5 43. gxh5+ Kxh5 44. Rxf7 Kh4 45. Kf3 Kh5 46. Rh7+ 1-0

[Event "RUS-ch Higher League (Women) 68th"]
[Site "Yaroslavl"]
[Date "2018.07.04"]
[Round "8"]
[White "Alekseeva, Irina Kon"]
[Black "Dimitrova, Aleksandra"]
[Result "1-0"]
[WhiteElo "2065"]
[BlackElo "2220"]
[PlyCount "61"]
[EventDate "2018.06.26"]
[EventType "swiss"]
[EventRounds "9"]
[EventCountry "RUS"]
[SourceTitle "CBM 185 Extra"]
[Source "ChessBase"]
[SourceDate "2018.07.29"]
[SourceVersion "1"]
[SourceVersionDate "2018.07.29"]
[SourceQuality "1"]

1. e4 c5 2. Nf3 e6 3. d4 cxd4 4. Nxd4 a6 5. Nc3 b5 6. Bd3 d6 7. Be3 Nf6 8. f3 Be7 9. Qd2 Bb7 10. g4 Nfd7 11. 0-0-0 Nc5 12. h4 Nbd7 13. Kb1 b4 14. Nce2 d5 15. exd5 Bxd5 16. Nf4 Bb7 17. Nh5 0-0 18. Bh6 g6 19. Ng3 Re8 20. h5 Nxd3 21. Qxd3 Nc5 22. Qe3 Qc8 23. hxg6 fxg6 24. Nh5 gxh5 25. Qe5 Bf8 26. Qg5+ Kf7 27. Qxh5+ Ke7 28. Nf5+ exf5 29. Bg5+ Ke6 30. gxf5+ Ke5 31. f4+ 1-0

[Event "RUS-ch Higher League (Women) 68th"]
[Site "Yaroslavl"]
[Date "2018.07.02"]
[Round "6"]
[White "Alekseeva, Irina Kon"]
[Black "Mokshanova, Elizaveta"]
[Result "1/2-1/2"]
[WhiteElo "2065"]
[BlackElo "2046"]
[PlyCount "100"]
[EventDate "2018.06.26"]
[EventType "swiss"]
[EventRounds "9"]
[EventCountry "RUS"]
[SourceTitle "CBM 185 Extra"]
[Source "ChessBase"]
[SourceDate "2018.07.29"]
[SourceVersion "1"]
[SourceVersionDate "2018.07.29"]
[SourceQuality "1"]

1. e4 c5 2. Nf3 e6 3. d4 cxd4 4. Nxd4 Nc6 5. Nc3 Qc7 6. Be3 a6 7. Bd3 Nf6 8. 0-0 d6 9. a4 Be7 10. f4 Nxd4 11. Bxd4 e5 12. Be3 exf4 13. Rxf4 Be6 14. Qf3 Nd7 15. Nd5 Bxd5 16. exd5 Ne5 17. Qg3 0-0 18. Bd4 g6 19. Raf1 Qa5 20. b3 Bd8 21. Kh1 Nxd3 22. Qxd3 Qxd5 23. c4 Qa5 24. Bc3 Qb6 25. Qd5 Qc7 26. h4 Qe7 27. Re4 Qd7 28. h5 Rc8 29. hxg6 hxg6 30. b4 Qc6 31. Qd4 f6 32. Rg4 Kg7 33. Qd3 Qe8 34. Rh4 Rh8 35. Rxh8 Qxh8+ 36. Kg1 Qf8 37. Rf4 Qf7 38. Rh4 Bb6+ 39. c5 dxc5 40. Qh3 cxb4+ 41. Kh1 Qd5 42. Rh7+ Kg8 43. Rh8+ Kf7 44. Qxc8 Qd1+ 45. Kh2 Bg1+ 46. Kh3 Qd3+ 47. g3 Qf1+ 48. Kh4 g5+ 49. Kg4 Qe2+ 50. Kh3 Qf1+ 1/2-1/2

[Event "RUS-ch Higher League (Women) 68th"]
[Site "Yaroslavl"]
[Date "2018.06.28"]
[Round "3"]
[White "Alekseeva, Irina Kon"]
[Black "Charochkina, Daria"]
[Result "0-1"]
[WhiteElo "2065"]
[BlackElo "2343"]
[PlyCount "62"]
[EventDate "2018.06.26"]
[EventType "swiss"]
[EventRounds "9"]
[EventCountry "RUS"]
[SourceTitle "CBM 185 Extra"]
[Source "ChessBase"]
[SourceDate "2018.07.29"]
[SourceVersion "1"]
[SourceVersionDate "2018.07.29"]
[SourceQuality "1"]

1. e4 g6 2. d4 Bg7 3. Nc3 d6 4. Bg5 a6 5. Qd2 b5 6. 0-0-0 Bb7 7. f3 Nd7 8. Kb1 Nb6 9. Qe1 Qc8 10. f4 b4 11. Nd5 Nxd5 12. exd5 Bxd5 13. Qxb4 Nf6 14. Qa5 Qb7 15. Nf3 0-0 16. Bd3 c5 17. Qd2 c4 18. Bxf6 cxd3 19. Bxg7 dxc2+ 20. Qxc2 Be4 21. Rd3 Rfc8 22. Qe2 Rc3 23. Rhd1 Rac8 24. Ne1 Kxg7 25. d5 Bxd3+ 26. Nxd3 Rc2 27. Qe4 R2c4 28. Qf3 Rd4 29. Nf2 Qc7 30. Qe2 Rxd5 31. Re1 Qc4 0-1

[Event "Kazakhstan Cup (Women)"]
[Site "Astana"]
[Date "2017.12.23"]
[Round "1"]
[White "Nasybullina, Alfia"]
[Black "Alekseeva, Irina Kon"]
[Result "1/2-1/2"]
[WhiteElo "2074"]
[BlackElo "2131"]
[PlyCount "52"]
[EventDate "2017.12.23"]
[EventType "tourn"]
[EventRounds "9"]
[EventCountry "KAZ"]
[SourceTitle "CBM 182 Extra"]
[Source "ChessBase"]
[SourceDate "2018.02.23"]
[SourceVersion "1"]
[SourceVersionDate "2018.02.23"]
[SourceQuality "1"]

1. d4 Nf6 2. c4 g6 3. Nc3 Bg7 4. e4 d6 5. f3 0-0 6. Nge2 c5 7. Be3 Nc6 8. d5 Ne5 9. Ng3 e6 10. Be2 exd5 11. cxd5 a6 12. a4 Bd7 13. h3 b5 14. f4 Nc4 15. Bxc4 bxc4 16. 0-0 Rb8 17. e5 Re8 18. Qf3 Rxb2 19. exf6 Qxf6 20. Rac1 Qh4 21. Rfe1 Bxh3 22. gxh3 Bxc3 23. Rxc3 Qxh3 24. Bf2 Rxe1+ 25. Bxe1 Qh2+ 26. Kf1 Qh3+ 1/2-1/2

[Event "Cheliabinsk Governor's Cup WIM"]
[Site "Satka"]
[Date "2017.07.07"]
[Round "7"]
[White "Mukhina, Jana"]
[Black "Alekseeva, Irina Kon"]
[Result "1/2-1/2"]
[WhiteElo "1927"]
[BlackElo "2078"]
[PlyCount "63"]
[EventDate "2017.06.30"]
[EventType "tourn"]
[EventRounds "9"]
[EventCountry "RUS"]
[SourceTitle "EXT 2018"]
[Source "ChessBase"]
[SourceDate "2017.10.13"]
[SourceVersion "1"]
[SourceVersionDate "2017.10.13"]
[SourceQuality "1"]

1. e4 c5 2. c3 Nf6 3. e5 Nd5 4. d4 cxd4 5. Nf3 e6 6. cxd4 d6 7. Nc3 Nxc3 8. bxc3 Qc7 9. Bd2 Nd7 10. exd6 Bxd6 11. Bd3 b6 12. 0-0 Bb7 13. Qe2 0-0 14. h3 Bf4 15. Bxf4 Qxf4 16. Qe3 Qxe3 17. fxe3 Nf6 18. c4 Ne4 19. Bxe4 Bxe4 20. Nd2 Bd3 21. Rfc1 e5 22. Rc3 Bg6 23. Nb3 exd4 24. exd4 Rfe8 25. Kf2 Be4 26. Re1 f5 27. d5 b5 28. Nd2 bxc4 29. Nxe4 fxe4 30. Rxc4 Rad8 31. Rd4 Re5 32. Rexe4 1/2-1/2

[Event "Cheliabinsk Governor's Cup WIM"]
[Site "Satka"]
[Date "2017.07.06"]
[Round "6"]
[White "Alekseeva, Irina Kon"]
[Black "Filippova, Darya"]
[Result "1/2-1/2"]
[WhiteElo "2078"]
[BlackElo "2009"]
[PlyCount "83"]
[EventDate "2017.06.30"]
[EventType "tourn"]
[EventRounds "9"]
[EventCountry "RUS"]
[SourceTitle "EXT 2018"]
[Source "ChessBase"]
[SourceDate "2017.10.13"]
[SourceVersion "1"]
[SourceVersionDate "2017.10.13"]
[SourceQuality "1"]

1. e4 c6 2. d4 d5 3. Nc3 dxe4 4. Nxe4 Bf5 5. Ng3 Bg6 6. h4 h6 7. Nf3 Nf6 8. h5 Bh7 9. Bd3 Bxd3 10. Qxd3 e6 11. Bd2 Nbd7 12. 0-0-0 Qc7 13. Kb1 0-0-0 14. c4 Kb8 15. Qb3 Ka8 16. c5 Nd5 17. Qa4 Re8 18. Ba5 Qb8 19. Nd2 e5 20. Nc4 exd4 21. Nb6+ N5xb6 22. cxb6 Bc5 23. Qc4 axb6 24. Bb4 Ne5 25. Qb3 Qc8 26. Bxc5 bxc5 27. Qa3+ Kb8 28. Qxc5 f6 29. Rxd4 Rd8 30. Rhd1 Rxd4 31. Qxd4 Nf7 32. Qf4+ Ne5 33. Qd4 Nf7 34. Qe4 Rd8 35. Rxd8 Qxd8 36. Kc2 Qb6 37. Qe8+ Nd8 38. Qe3 Qa5 39. a3 Qd5 40. Qf4+ Ka8 41. Qf5 Qc4+ 42. Kb1 1/2-1/2

[Event "Cheliabinsk Governor's Cup WIM"]
[Site "Satka"]
[Date "2017.07.02"]
[Round "2"]
[White "Tsifanskaya, Ludmila A"]
[Black "Alekseeva, Irina Kon"]
[Result "0-1"]
[WhiteElo "2070"]
[BlackElo "2078"]
[PlyCount "70"]
[EventDate "2017.06.30"]
[EventType "tourn"]
[EventRounds "9"]
[EventCountry "RUS"]
[SourceTitle "EXT 2018"]
[Source "ChessBase"]
[SourceDate "2017.10.13"]
[SourceVersion "1"]
[SourceVersionDate "2017.10.13"]
[SourceQuality "1"]

1. e4 c5 2. Nf3 e6 3. d3 Nc6 4. g3 g6 5. Bg2 Bg7 6. 0-0 d6 7. c3 e5 8. a3 a5 9. a4 Nge7 10. Na3 0-0 11. Nb5 h6 12. d4 cxd4 13. cxd4 exd4 14. Nfxd4 Ne5 15. b3 Bg4 16. f3 Bd7 17. Be3 d5 18. Nc3 dxe4 19. Nxe4 Nd5 20. Bf2 Nb4 21. Nc5 b6 22. Nxd7 Qxd7 23. Nb5 Ned3 24. Rb1 Rab8 25. f4 Rfd8 26. Qf3 Nxf2 27. Rxf2 Rbc8 28. f5 gxf5 29. Qxf5 Qxf5 30. Rxf5 Bf8 31. Rbf1 Rc2 32. Rxf7 Bc5+ 33. Kh1 Rdd2 34. Nd6 Bxd6 35. Rd7 Bc5 0-1

[Event "Cheliabinsk Governor's Cup WIM"]
[Site "Satka"]
[Date "2017.06.30"]
[Round "1"]
[White "Alekseeva, Irina Kon"]
[Black "Mironenko, Galina"]
[Result "1-0"]
[WhiteElo "2078"]
[BlackElo "1950"]
[PlyCount "117"]
[EventDate "2017.06.30"]
[EventType "tourn"]
[EventRounds "9"]
[EventCountry "RUS"]
[SourceTitle "EXT 2018"]
[Source "ChessBase"]
[SourceDate "2017.10.13"]
[SourceVersion "1"]
[SourceVersionDate "2017.10.13"]
[SourceQuality "1"]

1. e4 Nc6 2. d4 e5 3. d5 Nce7 4. f4 Ng6 5. Ne2 exf4 6. Nxf4 Qf6 7. Qf3 Nxf4 8. Qxf4 Bd6 9. Qf3 Qe5 10. Bd3 Ne7 11. Nd2 Ng6 12. Nc4 Qe7 13. Nxd6+ Qxd6 14. 0-0 0-0 15. Be3 b6 16. Bd4 c5 17. e5 Qb8 18. Bc3 b5 19. b4 Qb6 20. Kh1 Bb7 21. a3 c4 22. Bf5 Nh4 23. Qg3 Ng6 24. Rad1 Qc7 25. h4 Ne7 26. Be4 Qb8 27. Qg4 Ng6 28. h5 Nxe5 29. Qf5 Ng6 30. hxg6 hxg6 31. Qf2 f5 32. Bf3 Qd6 33. Qd4 Rf7 34. Rde1 g5 35. Kg1 Qh6 36. d6 Bxf3 37. Rxf3 f4 38. Re7 Raf8 39. Rh3 Qg6 40. Qe4 Qxe4 41. Rxe4 f3 42. gxf3 Rxf3 43. Rxf3 Rxf3 44. Bd4 Rf4 45. Re8+ Kh7 46. c3 Kg6 47. Bxa7 Rf3 48. Bd4 g4 49. Kg2 Rf5 50. Re7 Rf7 51. Re5 Rf5 52. Re4 Kg5 53. Bxg7 Rf3 54. Re7 Rd3 55. Rxd7 Rd2+ 56. Kf1 Kh4 57. Be5 Rd5 58. Rh7+ Kg5 59. d7 1-0

[Event "Satka Autumn op (Women)"]
[Site "Satka"]
[Date "2016.09.29"]
[Round "9"]
[White "Trapeznikova, Darya"]
[Black "Alekseeva, Irina Kon"]
[Result "0-1"]
[WhiteElo "2093"]
[BlackElo "2119"]
[PlyCount "80"]
[EventDate "2016.09.21"]
[EventType "swiss"]
[EventRounds "9"]
[EventCountry "RUS"]
[SourceTitle "EXT 2017"]
[Source "ChessBase"]
[SourceDate "2016.10.25"]
[SourceVersion "1"]
[SourceVersionDate "2016.10.25"]
[SourceQuality "1"]

1. d4 d5 2. c4 e6 3. Nc3 c6 4. e3 f5 5. Bd3 Bd6 6. Qc2 Nh6 7. Nge2 0-0 8. f3 Nd7 9. Bd2 Qh4+ 10. g3 Qh5 11. 0-0 Nf6 12. Nf4 Qe8 13. e4 dxe4 14. fxe4 e5 15. dxe5 Qxe5 16. Ng2 Nhg4 17. Bf4 Qd4+ 18. Kh1 Bc5 19. e5 Nh5 20. Nd1 Nxe5 21. Bxe5 Qxe5 22. Nc3 Nxg3+ 23. hxg3 Qxg3 24. Ne1 Rf6 25. Nf3 Rh6+ 26. Nh2 Be6 27. Rad1 Rf8 28. Rd2 Qh4 29. b3 Be3 30. Re2 f4 31. Nd1 Bd4 32. Bxh7+ Rxh7 33. Rxe6 f3 34. Re4 Qh3 35. Rf2 Bxf2 36. Qxf2 Rd8 37. Re1 Rd6 38. Ne3 Rg6 39. Rg1 Rg2 40. Rxg2 fxg2+ 0-1

[Event "Satka Autumn op"]
[Site "Satka"]
[Date "2016.09.25"]
[Round "5"]
[White "Utiatskaja, Irina"]
[Black "Alekseeva, Irina Kon"]
[Result "1/2-1/2"]
[WhiteElo "2123"]
[BlackElo "2119"]
[PlyCount "84"]
[EventDate "2016.09.21"]
[EventType "swiss"]
[EventRounds "9"]
[EventCountry "RUS"]
[SourceTitle "CBM 174 Extra"]
[Source "ChessBase"]
[SourceDate "2016.10.10"]
[SourceVersion "1"]
[SourceVersionDate "2016.10.10"]
[SourceQuality "1"]

1. d4 c5 2. d5 e5 3. e4 d6 4. Nc3 g6 5. Be2 Bg7 6. h4 h5 7. Be3 Nf6 8. f3 Na6 9. Nh3 Bd7 10. Nf2 Qa5 11. 0-0 0-0 12. a4 Qd8 13. Bg5 Qb6 14. Nb5 Bxb5 15. axb5 Nb8 16. Qe1 Qc7 17. Qa5 b6 18. Qd2 Nh7 19. Bh6 Qe7 20. g3 f5 21. Bxg7 Kxg7 22. exf5 gxf5 23. f4 e4 24. Ra3 Kh6 25. Kh2 Nd7 26. Nd1 Qg7 27. c4 Qd4 28. Qc3 Ndf6 29. Ne3 Ng4+ 30. Bxg4 hxg4 31. Rd1 Qxc3 32. bxc3 Kg6 33. Rda1 Rf7 34. Ra6 Rb7 35. h5+ Kf6 36. Kg2 Nf8 37. Kf2 Nh7 38. Nd1 Nf8 39. Ne3 Nh7 40. Ke2 Nf8 41. Ng2 Nh7 42. Ke3 Nf8 1/2-1/2

[Event "Satka Autumn op"]
[Site "Satka"]
[Date "2016.09.23"]
[Round "3"]
[White "Schepetkova, Margarita"]
[Black "Alekseeva, Irina Kon"]
[Result "1-0"]
[WhiteElo "2319"]
[BlackElo "2119"]
[PlyCount "89"]
[EventDate "2016.09.21"]
[EventType "swiss"]
[EventRounds "9"]
[EventCountry "RUS"]
[SourceTitle "CBM 174 Extra"]
[Source "ChessBase"]
[SourceDate "2016.10.10"]
[SourceVersion "1"]
[SourceVersionDate "2016.10.10"]
[SourceQuality "1"]

1. d4 Nf6 2. c4 g6 3. Nc3 Bg7 4. e4 d6 5. Be2 0-0 6. Bg5 Na6 7. Qd2 c6 8. f3 Nc7 9. Be3 Bd7 10. Bd3 e5 11. d5 b5 12. dxc6 bxc4 13. Bxc4 Bxc6 14. Rd1 Nfe8 15. Nge2 Ne6 16. 0-0 Qe7 17. b4 Kh8 18. Nd5 Bxd5 19. Qxd5 Rc8 20. Bb3 Rc7 21. Rd2 Bf6 22. g3 Bg5 23. f4 Bh6 24. Qd3 Nf6 25. f5 Bxe3+ 26. Qxe3 Nd8 27. Rfd1 Nb7 28. Bd5 Rfc8 29. a3 Nd8 30. Bb3 Nb7 31. fxg6 fxg6 32. Rf1 Rf8 33. Rd3 Nd8 34. Qf2 Ne6 35. Rf3 Kg7 36. Bxe6 Qxe6 37. Nc3 Rcf7 38. a4 h5 39. b5 Kg8 40. a5 Kg7 41. Nd5 Nxe4 42. Rxf7+ Rxf7 43. Qxf7+ Qxf7 44. Rxf7+ Kxf7 45. b6 1-0

[Event "RUS-ch Higher League (Women) 66th"]
[Site "Kolomna"]
[Date "2016.06.27"]
[Round "5"]
[White "Ustich, Ekaterina"]
[Black "Alekseeva, Irina Kon"]
[Result "1/2-1/2"]
[WhiteElo "2007"]
[BlackElo "2161"]
[PlyCount "102"]
[EventDate "2016.06.22"]
[EventType "swiss"]
[EventRounds "9"]
[EventCountry "RUS"]
[SourceTitle "CBM 173 Extra"]
[Source "ChessBase"]
[SourceDate "2016.08.29"]
[SourceVersion "1"]
[SourceVersionDate "2016.08.29"]
[SourceQuality "1"]

1. e4 c5 2. Nf3 e6 3. d4 cxd4 4. Nxd4 Nf6 5. Nc3 a6 6. Bd3 Qc7 7. 0-0 h5 8. h3 Bc5 9. Be3 b5 10. a3 Qb6 11. Nce2 Nc6 12. c3 e5 13. Nf5 g6 14. b4 Bxe3 15. Nxe3 Ne7 16. c4 Bb7 17. cxb5 axb5 18. Nc3 Bc6 19. Qe2 Rb8 20. a4 bxa4 21. b5 Bb7 22. Nxa4 Qd4 23. Nc2 Qd6 24. Rfd1 0-0 25. b6 Nc8 26. Qe3 Qe7 27. Nc3 Bc6 28. Rab1 Qd8 29. Nd5 Bxd5 30. exd5 d6 31. b7 Ne7 32. Bc4 Qc7 33. Qb3 Ne4 34. Na3 Nc5 35. Qb6 Rxb7 36. Qxc7 Rxc7 37. Rb6 Ne4 38. f3 Nc3 39. Rd3 Ne2+ 40. Kh2 Nf4 41. Rd2 Ra8 42. Rxd6 Kg7 43. Rb6 Rxa3 44. d6 Rxc4 45. dxe7 Ra8 46. Rd8 Ra2 47. Rg8+ Kxg8 48. e8Q+ Kg7 49. Qxe5+ Kh7 50. Rb2 Rxb2 51. Qxb2 Ne6 1/2-1/2

[Event "Nezhmetdinov Memorial 38th"]
[Site "Kazan"]
[Date "2016.06.05"]
[Round "6"]
[White "Matskevich, Ivan"]
[Black "Alekseeva, Irina Kon"]
[Result "0-1"]
[WhiteElo "1976"]
[BlackElo "2177"]
[PlyCount "52"]
[EventDate "2016.05.31"]
[EventType "swiss"]
[EventRounds "9"]
[EventCountry "RUS"]
[SourceTitle "CBM 172 Extra"]
[Source "ChessBase"]
[SourceDate "2016.06.21"]
[SourceVersion "1"]
[SourceVersionDate "2016.06.21"]
[SourceQuality "1"]

1. e4 c5 2. Nc3 Nc6 3. g3 g6 4. Bg2 Bg7 5. d3 e6 6. Be3 d6 7. Qd2 Nge7 8. Bh6 Bxh6 9. Qxh6 Nd4 10. 0-0-0 b5 11. Nce2 e5 12. Qg7 Rg8 13. Qxh7 Be6 14. Nc3 Qa5 15. Kb1 c4 16. Nf3 b4 17. Nd5 Bxd5 18. Nxd4 b3 19. cxb3 cxb3 20. a3 Qb6 21. Nf3 Be6 22. d4 Rc8 23. Bh3 Bxh3 24. Qxh3 Rc2 25. Ng5 Qc6 26. g4 Rxb2+ 0-1

[Event "Nezhmetdinov Memorial 38th"]
[Site "Kazan"]
[Date "2016.06.04"]
[Round "5"]
[White "Alekseeva, Irina Kon"]
[Black "Pershin, Denis"]
[Result "0-1"]
[WhiteElo "2177"]
[BlackElo "2336"]
[PlyCount "52"]
[EventDate "2016.05.31"]
[EventType "swiss"]
[EventRounds "9"]
[EventCountry "RUS"]
[SourceTitle "CBM 172 Extra"]
[Source "ChessBase"]
[SourceDate "2016.06.21"]
[SourceVersion "1"]
[SourceVersionDate "2016.06.21"]
[SourceQuality "1"]

1. e4 c5 2. Nf3 Nc6 3. d4 cxd4 4. Nxd4 e5 5. Nb5 d6 6. c4 g6 7. N1c3 a6 8. Na3 Bg7 9. Be3 Nge7 10. Nc2 f5 11. Nd5 Nxd5 12. exd5 Ne7 13. f4 0-0 14. fxe5 f4 15. Bd4 Nf5 16. e6 Nxd4 17. Nxd4 Qh4+ 18. Ke2 Qf6 19. Nb3 f3+ 20. Kd2 Qg5+ 21. Kc2 fxg2 22. Rg1 gxf1Q 23. Rxg5 Rf2+ 24. Nd2 Qxc4+ 25. Kb1 Qd3+ 26. Kc1 Bxb2+ 0-1

[Event "Nezhmetdinov Memorial 38th"]
[Site "Kazan"]
[Date "2016.06.03"]
[Round "4"]
[White "Kanter, Eduard"]
[Black "Alekseeva, Irina Kon"]
[Result "1-0"]
[WhiteElo "2375"]
[BlackElo "2177"]
[PlyCount "101"]
[EventDate "2016.05.31"]
[EventType "swiss"]
[EventRounds "9"]
[EventCountry "RUS"]
[SourceTitle "CBM 172 Extra"]
[Source "ChessBase"]
[SourceDate "2016.06.21"]
[SourceVersion "1"]
[SourceVersionDate "2016.06.21"]
[SourceQuality "1"]

1. d4 c5 2. d5 e6 3. c4 exd5 4. cxd5 d6 5. Nc3 g6 6. e4 Bg7 7. Bd3 Nf6 8. h3 0-0 9. Nf3 Na6 10. 0-0 Nc7 11. a4 Nd7 12. Bg5 f6 13. Bh4 Ne8 14. Ne1 Qb6 15. Bb5 a6 16. a5 Qc7 17. Be2 b6 18. axb6 Qxb6 19. Ra2 f5 20. exf5 gxf5 21. f4 Ndf6 22. Nf3 Ne4 23. Nxe4 fxe4 24. Nd2 Bf5 25. Kh1 Nf6 26. Nc4 Qc7 27. g4 Bd7 28. f5 Ne8 29. Bg3 Bb5 30. g5 Bd4 31. Qc2 h6 32. g6 Qb7 33. Qxe4 Nf6 34. Qe6+ Kg7 35. Nxd6 Qxd5+ 36. Qxd5 Nxd5 37. Bxb5 axb5 38. Rfa1 Rxa2 39. Rxa2 Ne3 40. Ra7+ Kg8 41. Bf4 c4 42. Rf7 Ra8 43. Bxe3 Bxe3 44. Ne4 Bd4 45. f6 Bxb2 46. Rg7+ Kf8 47. Rh7 Kg8 48. Rc7 Rf8 49. Rg7+ Kh8 50. Rh7+ Kg8 51. f7+ 1-0

[Event "Nezhmetdinov Memorial 38th"]
[Site "Kazan"]
[Date "2016.06.02"]
[Round "3"]
[White "Alekseeva, Irina Kon"]
[Black "Shipitsyna, Guzyal"]
[Result "1-0"]
[WhiteElo "2177"]
[BlackElo "1478"]
[PlyCount "69"]
[EventDate "2016.05.31"]
[EventType "swiss"]
[EventRounds "9"]
[EventCountry "RUS"]
[SourceTitle "CBM 172 Extra"]
[Source "ChessBase"]
[SourceDate "2016.06.21"]
[SourceVersion "1"]
[SourceVersionDate "2016.06.21"]
[SourceQuality "1"]

1. e4 c5 2. Nf3 e6 3. d4 cxd4 4. Nxd4 a6 5. c4 Nc6 6. Nc3 Bb4 7. Qd3 Nge7 8. Bd2 Qb6 9. Nb3 Ne5 10. Qg3 N5g6 11. Bd3 0-0 12. 0-0 Bd6 13. Qh3 Bf4 14. Bxf4 Nxf4 15. Qf3 Qc7 16. g3 Nxd3 17. Qxd3 b6 18. Rfd1 f5 19. Qd6 Qd8 20. c5 b5 21. Nd4 Qe8 22. f3 Qf7 23. Rf1 b4 24. Na4 Ra7 25. Nb6 Ng6 26. exf5 exf5 27. Rae1 f4 28. g4 Qxa2 29. b3 Bb7 30. Re2 Qa5 31. Nxd7 Rd8 32. Rfe1 Raa8 33. c6 Nf8 34. cxb7 Rxd7 35. Qxd7 1-0

[Event "Moscow op-B (Women)"]
[Site "Moscow"]
[Date "2016.02.07"]
[Round "9"]
[White "Kuznetsova, Darya"]
[Black "Alekseeva, Irina Kon"]
[Result "1/2-1/2"]
[WhiteElo "1941"]
[BlackElo "2119"]
[PlyCount "43"]
[EventDate "2016.01.30"]
[EventType "swiss"]
[EventRounds "9"]
[EventCountry "RUS"]
[SourceTitle "CBM 170 Extra"]
[Source "ChessBase"]
[SourceDate "2016.02.25"]
[SourceVersion "1"]
[SourceVersionDate "2016.02.25"]
[SourceQuality "1"]

1. e4 c5 2. Nf3 e6 3. c4 d6 4. d4 cxd4 5. Nxd4 Nf6 6. Nc3 Nc6 7. Be2 Be7 8. 0-0 0-0 9. Be3 a6 10. Rc1 Bd7 11. Qd2 Rc8 12. f3 Ne5 13. b3 Ng6 14. Kh1 Qc7 15. Rfd1 Qb8 16. f4 Rfd8 17. Bf3 Be8 18. Qf2 Bd7 19. Nde2 Bc6 20. Nd4 Bd7 21. Nde2 Bc6 22. Nd4 1/2-1/2